Cleópatra (Registo nº 9318)

Detalhes MARC
000 -Etiqueta do registo
Valores 00494nam a22001931i 4500
010 ## - Número ISBN
ISBN 9788434500907
090 ## -
-- 9318
100 ## - Dados gerais de processamento
Dados gerais 20170304u u u0frey50 ba
101 0# - Língua de publicação
-- por
200 1# - Titulo e menção de responsabilidade
Primeira menção de responsabilidade Roser Capdevila
Título próprio Cleópatra
Informação de outro título as três irmãs
210 ## - Publicação
Nome do editor Salvat
Data de publicação 1999
215 ## - Descrição física 
Paginação / Volumes [46] p.
Outras indicações físicas il.
Dimensões 18 cm
225 2# - Colecção 
Título próprio da colecção A biblioteca de as três irmãs
Indicação de volume 15
610 0# - Termos não controlados
Palavra de ordem Literatura+infantil
675 ## - CDU
Notação 82-93
-- 2040
700 #1 - Autor principal (pessoa individual)
Apelido Capdevila
Nome Roser
-- 440
801 ## - Fonte de origem
País PT
Regras de catalogação RPC
990 ## - Elementos KOHA
Tipo de documento Livro
Exemplares
Situação do levantamento Estado Biblioteca de origem Biblioteca de empréstimo Código de barras Cota Permissão de empréstimo Tipo de documento
  Completo Biblioteca Municipal de Viana Do Alentejo Biblioteca Municipal de Viana Do Alentejo 0013347 8 CAP Disponível Livro




Powered by Koha